Представление документа в формате RUSMARC

ПолеНазваниеЗначение
  Тип записи a
  Библиографический уровень m
001 Контрольный номер 55245b25939143f295b72afd610a01c6
005 Дата корректировки 20211223152555.9
010 Индекс ISBN __
a ISBN 978-5-534-02061-8
d Цена 1038-23
100 Данные общей обработки __
a Данные общей обработки 20211026d2020 aemy0rusy028902 ca
101 Язык документа 0_
a Язык текста rus
102 Страна публикации __
a Страна публикации RU
105 Кодированные данные (монография) __
a Кодированные данные (монография) a j 001yy
181 Поле кодированных данных: вид содержания _0
a Код вида содержания (ISBD) i
182 Поле кодированных данных: тип средства _0
a Код типа средства (ISBD) n
200 Заглавие и сведения об ответственности 1_
a Заглавие Биохимия
203 Вид содержания и тип средства __
a Вид содержания Текст
c Тип средства непосредственный
210 Выходные данные 1_
d Дата издания 2020
215 Физическое описание __
a Объем 332, [2]
c Иллюстрации/тип воспроизводства ил.
320 Библиография __
a Библиография Предметный указатель: с. 310-[314]
320 Библиография __
a Библиография Библиография в конце книги
461 Уровень набора _0
1 700 1
a Комов
b В. П.
g Вадим Петрович
1 2001
a Биохимия
e учебник для вузов : для студентов высших учебных заведений, обучающихся по естественнонаучным и медицинским направлениям : [в 2 частях]
f В. П. Комов, В. Н. Шведова ; под общей редакцией В. П. Комова
v Ч. 2
1 2101
a Москва
c Юрайт
d 2020
1 001f3be41dc60aa4169a453f309241f959e
1 203
a Текст
c непосредственный
1 205
a 4-е издание, исправленное и дополненное
1 2252
a Высшее образование
606 Тематические рубрики __
a Основная рубрика Биология
606 Тематические рубрики __
a Основная рубрика Общая биохимия
610 Ключевые слова 0_
a Ключевые слова биохимия
610 Ключевые слова 0_
a Ключевые слова обмен липидов
610 Ключевые слова 0_
a Ключевые слова аминокислоты
610 Ключевые слова 0_
a Ключевые слова белки (биология)
610 Ключевые слова 0_
a Ключевые слова обмен белков
610 Ключевые слова 0_
a Ключевые слова обмен аминокислот
610 Ключевые слова 0_
a Ключевые слова гемопротеины
610 Ключевые слова 0_
a Ключевые слова обмен гемопротеинов
610 Ключевые слова 0_
a Ключевые слова нуклеиновые кислоты
610 Ключевые слова 0_
a Ключевые слова нуклеотиды
610 Ключевые слова 0_
a Ключевые слова обмен нуклеиновых кислот
610 Ключевые слова 0_
a Ключевые слова обмен нуклеотидов
610 Ключевые слова 0_
a Ключевые слова обменные процессы
610 Ключевые слова 0_
a Ключевые слова ДНК
610 Ключевые слова 0_
a Ключевые слова РНК
610 Ключевые слова 0_
a Ключевые слова матричный синтез
610 Ключевые слова 0_
a Ключевые слова синтез белка
610 Ключевые слова 0_
a Ключевые слова биохимия иммунитета
610 Ключевые слова 0_
a Ключевые слова биоинженерия
610 Ключевые слова 0_
a Ключевые слова клеточная инженерия
610 Ключевые слова 0_
a Ключевые слова молекулярная биоинженерия
610 Ключевые слова 0_
a Ключевые слова ксенобиотики
610 Ключевые слова 0_
a Ключевые слова липиды
686 Индексы других классификаций __
2 Код системы rubbks
a Классификационный индекс 28.072я73; ст28.0я73
801 Источник записи _0
a Страна RU
b Организация Муниципальное бюджетное учреждение культуры "Централизованная библиотечная система" г. Сургут (Центральная городская библиотека им. А. С. Пушкина)
c Дата составления 20211027
g Правила каталогизации PSBO
801 Источник записи _1
a Страна RU
b Организация Муниципальное бюджетное учреждение культуры "Централизованная библиотечная система" г. Сургут (Центральная городская библиотека им. А. С. Пушкина)
c Дата составления 20211027
g Правила каталогизации PSBO
852 Данные о местонахождении __
i Авторский знак К 63
j Шифр хранения 28.072я73
900 Макрообъекты __
a Макрообъекты Биохимия Ч. 2, 2020
901 Тип документа __
t Тип документа n
w Контрольный № источника f3be41dc60aa4169a453f309241f959e
a Ответственный КиК/Лукашук
903 Характеристики (МАРС) __
c Наименование библиотеки (МАРС) Муниципальное бюджетное учреждение культуры "Централизованная библиотечная система" г. Сургут (Центральная городская библиотека им. А. С. Пушкина)
a Дата передачи 20211027
969 Тип издания __
a Тип издания учебник
990 Данные о заказе (DOS) __
j Количество экземпляров (DOS) 2
t N записи в КСУ для И/У (DOS) 202111